সমকালীন প্রবাহ /

Bibliographic Details
Main Author: তাহের, মো. আবু
Format: Book
Language:Bengali
English
Published: ঢাকা : আবীর পাবলিকেশন্স, ২০২২.
Subjects:
Classic Catalogue: View this record in Classic Catalogue
LEADER 01262nam a22002537a 4500
001 44335
003 BD-DhAAL
005 20250429163313.0
008 250428t bg a|||| |||| 00| 0 ben d
020 |a 9789849567059 
040 |a BD-DhAAL  |d BD-DhAAL 
041 |a ben  |a eng 
082 |a 320.95492  |2 23 
100 |a তাহের, মো. আবু.  |9 58200 
245 |a সমকালীন প্রবাহ /  |c মো. আবু তাহের. 
246 |a Samokaline probaho 
260 |a ঢাকা :  |b আবীর পাবলিকেশন্স,  |c ২০২২. 
300 |a ১১২ পৃষ্ঠা :  |b চিত্র ;  |c ২১ সে. মি. 
500 |a ১ম প্রকাশ, ২০২২. 
541 |a Donated by Professor Syed Mahfuzul Aziz (Former Pro Vice-Chancellor, BRAC University)  |e 3010044335 
650 |a Bangladesh  |x Politics and government. 
942 |2 ddc  |c BK 
999 |c 47297  |d 47297 
952 |0 0  |1 0  |2 ddc  |4 0  |6 320_954920000000000_TAH  |7 0  |9 77686  |a BRACUL  |b BRACUL  |c GEN  |d 2025-04-28  |e Donated by Professor Syed Mahfuzul Aziz (Former Pro Vice-Chancellor of BRAC University)  |g 240.00  |l 0  |o 320.95492 TAH  |p 3010044335  |r 2025-04-28  |t 1  |w 2025-04-28  |y BK  |x Donated by Professor Syed Mahfuzul Aziz (Former Pro Vice-Chancellor of BRAC University)